1936 1466 1120 1584 1970 1072 1903 1961 1821 1072 1959 1582 1918 1334 1799 1054 1013 1120 1559 1897 1249 1705 1569 1942 1733 1503 1577 1341 1383 1398 1829 1916 1974 1977 1741 1060 1842 1140 1431 1801 1096 1857 1389 1167 1874 1954 1018 1544 1906 1524 1393 1635 1350 1646 1858 1947 1750 1628 1001 1911 1361 1577 1734 1371 1642 1284 1479 1269 1695 1611 1362 1507 1360 1250 1930 1236 1025 1670 1935 1397 1936 1612 1602 1244 1797 1849 1413 1270 1489 1134 1682 1711 1184 1465 1421 1697 1545 1772 1190 BCNSPRNW ULIB Ver.6.0+V

เปลี่ยนเป็นภาษาไทย

Change to English
 แสดงรายละเอียดบรรณานุกรม
  กลับหน้าหลัก

Brief Record : Get Marc (ISO 2709) : E-mail record : QR code < ปิดหน้าต่าง
LEADER : 00000nam 2200000uu 4500
001    13399126152
003     ULIB
008    180613s2558||||th 000 0 tha d
020    ^a9786165470728
040    ^absc
050  4 ^aPE1114^bส779ต
100 0  ^aสุทิน พูลสวัสดิ์
245 10 ^aเตรียมสอบ CU-TEP Chulalongkorn University Test of EnglishProficiency :^bภาษาอังกฤษเข้าจุฬาลงกรณ์มหาวิทยาลัย /^cSutinPoolsawad
246 30 ^aภาษาอังกฤษเข้าจุฬาลงกรณ์มหาวิทยาลัย
246 31 ^aChulalongkorn University Test of English Proficiency
246 31 ^aThe best test preparation for CU-TEP
250    ^aพิมพ์ครั้งที่ 6
260    ^aกรุงเทพฯ :^bศูนย์หนังสือ ที.จี.อาร์.อี,^c2558
300    ^a264 หน้า ;^c26 ซม. +^eซีดีรอม 1 แผ่น
610 24 ^aจุฬาลงกรณ์มหาวิทยาลัย^xการสอบคัดเลือก^vข้อสอบและเฉลย
650  0 ^aEnglish language^xExaminations
650  0 ^aEnglish language^vExaminations, questions, etc.
650  0 ^aEnglish language^vTextbooks for foreign speakers
650  4 ^aภาษาอังกฤษ^xการสอบ
650  4 ^aภาษาอังกฤษ^vข้อสอบและเฉลย
650  4 ^aภาษาอังกฤษ^vตำราสำหรับชนต่างชาติ
700 0  ^aSutin Poolsawad
910    ^aSend to UC
945    ^p440^l0^i004796
945    ^p440^l0^i004246
999    ^aประนอม เกษจรัล
รายการนี้ยังไม่มีแท็ก
คุณยังไม่ได้ล็อกอิน คุณสามารถมีกิจกรรมร่วมกับเว็บไซต์ได้ แต่ต้องล็อกอินก่อน ::
  ล็อกอิน

รายการสื่อสารสนเทศ

ลำดับที่ ประเภท เลขเรียก/บาร์โค้ด สถานที่ สถานะ
1. วิทยาศาสตร์การแพทย์ และสุขภาพ
หนังสือสำรอง
สถานะ=หนังสือสำรอง
PE1114 ส779ต ฉ.1 
  Barcode: 004246
ห้องสมุดวิทยาเขตนครสวรรค์
►นวนิยาย:l:Fiction
บนชั้น
2. การศึกษาทั่วไป
การศึกษาทั่วไป
PE1114 ส779ต ฉ.2 
  Barcode: 004796
ห้องสมุดวิทยาเขตสวรรค์ประชารักษ์
►หนังสือทั่วไป
ถูกยืม กำหนดส่งวันที่ 19 พฤศจิกายน 2567
  จอง

รายการใกล้เคียง
    ผู้แต่ง [สุทิน พูลสวัสดิ์]

BibComment


ยังไม่เคยถูกคอมเมนท์

คอมเมนท์ทรัพยากรรายการนี้
  คอมเมนท์: เตรียมสอบ CUTEP ..


 Copyright 2026. Bcnsprnw @Library